000 00662nam a22002297a 4500
003 DO-SdBNP
005 20250129112338.0
007 ta
008 20206b 2022 dr a ||||| |||| 00| 0 eng d
020 _a9789945100686
040 _aDO-SdBNP
_bspa
_cBNPHU
082 4 _axxx
_bR789e
_222
100 1 0 _a Rosario Fernández, Reina C.
_911091
245 1 0 _aEnsayos sobre el Caribe :
_bmigración, negritud e identidad
_cReina Rosario
260 _aSanto Domingo :
_bAmigo del Hogar,
_c2022
300 _a341 p. ;
_c24 cm.
590 _aInventariado, 2022 / DG
650 _a
_91983
700 1 _aStanley, Avelino,
_d1959-
_91536
910 _aDG
942 _2ddc
_cLBS1
999 _c53105
_d53105